2020 Europa League Final Sevilla - Inter Milan - Statistics

General Stats
  • This quiz has been taken 249 times
  • The average score is 18 of 32
Answer Stats
Player % Correct
Romelu Lukaku ¹
94%
Lautaro Martínez
92%
Samir Handanović
88%
Nicolò Barella
84%
Stefan de Vrij
79%
Alessandro Bastoni
74%
Antonio Conte
66%
Jesús Navas
66%
Marcelo Brozović
66%
Yassine Bounou
62%
Diego Carlos
60%
Jules Koundé
59%
Lucas Ocampos
59%
Danilo D'Ambrosio
56%
Diego Godín ¹
53%
Luuk de Jong ²
53%
Suso
53%
Ashley Young
51%
Éver Banega
50%
Roberto Gagliardini
49%
Alexis Sánchez
47%
Julen Lopetegui
46%
Christian Eriksen
43%
Fernando
42%
Youssef En-Nesyri
42%
Joan Jordán
39%
Antonio Candreva
36%
Nemanja Gudelj
36%
Sergio Reguilón
33%
Victor Moses
30%
Munir El Haddadi
22%
Franco Vázquez
20%
No matching quizzes found
Score Distribution
Percent of People with Each Score
Percentile by Number Answered
Your Score History
You have not taken this quiz